00484nam a2200145Ia 4500003000900000008004100009020001800050040001600068080001800084100001500102245010900117260003400226300002300260650005500283IN-BaIIA211028s9999 xx 000 0 eng d a3-540-61462-1 cIIA Library a524.3-52bTHE aKaufl,H. U 4aThe role of dust in the formation of starscH. U Kaufl  aBerlinbSpringer-Verlagc1996 a[various pagings.] aStar formation, Role of dust, Very large telescope